"Toxic" Lyrics - Britney Spears - Statistics

General Stats
  • This quiz has been taken 121 times
  • The average score is 221 of 269
Answer Stats
Answer % Correct
I
100%
to
100%
you
100%
toxic
99%
toxic?
99%
your
97%
A
96%
a
96%
I'm
96%
of
94%
taste
94%
Taste
94%
Do
93%
do
93%
You're
93%
you're
93%
lips
91%
the
91%
Baby
88%
baby
88%
Can
88%
know
88%
can't
86%
see
86%
addicted
85%
that
85%
under
84%
Don't
83%
it
83%
on
83%
me
82%
With
82%
with
82%
like
81%
It's
80%
it's
80%
paradise
78%
slippin'
78%
and
77%
And
77%
dangerous
77%
falling
77%
guy
77%
no
77%
down
76%
Too
75%
poison
74%
ride
74%
calling?
72%
come
72%
now
72%
now?
72%
should
71%
high
69%
in
69%
love
69%
warning
69%
feel
66%
lovin'
66%
my
62%
all
61%
give
61%
what
61%
wear
60%
need
58%
around
56%
escape
55%
There's
54%
From
52%
up
52%
loving
51%
'round
51%
air
49%
devil's
47%
getting
47%
head
47%
hit
47%
late
47%
spinnin'
47%
cup
46%
took
46%
wait
46%
sip
44%
over
43%
think
43%
ready
41%
Losing
40%
Intoxicate
38%
taking
38%
Slowly
31%
No matching quizzes found
Score Distribution
Percent of People with Each Score
Percentile by Number Answered
Your Score History
You have not taken this quiz